00537nam a2200169Ia 4500008004100000040001300041100001100054100002200065245008500087260001400172260001000186260000900196300000700205700003600212999001700248952010200265180420s9999 xx 000 0 und d aPK-NaQUE a14CE07 aMutahar Ali Amur  0aEffects of Inclusion of Jute Fiber in the Structural Properties of unbaked Clay  aNawabshah bQUEST c2014 a48 aDepartment Of Civil Engineering c58455d58452 00104070aQUESTCLbRESEARCHd2018-04-23l0pCEP/52-630r2018-04-23 00:00:00w2018-04-23yTHESIS